000 00359nam a2200133Ia 4500
008 150202s9999 xx 000 0 und d
020 _a671525743
050 _aFIC
_bFIC
100 _aMacNaught, Judith.
245 _aNight whispers /
_cJudith McNaught.
260 _aNew York :
_bPocket Books,
_c1998.
300 _a451 pages :
_c17 cm.
650 _aFiction.
999 _c282498
_d282498